[Event "Tanta op 4th"]
[Site "Tanta"]
[Date "2001.04.18"]
[Round "1"]
[White "Abou el Zein, Eid Mahmoud"]
[Black "Navrotescu , Catalin"]
[Result "0-1"]
[WhiteElo "2330"]
[BlackElo "2453"]
[PlyCount "86"]
[EventDate "2001.04.18"]
[EventType "swiss"]
[EventRounds "9"]
[EventCountry "EGY"]
[Source "ChessBase"]
[SourceDate "2001.07.03"]

1. d4 Nf6 2. Nf3 c5 3. d5 b5 4. c4 g6 5. cxb5 a6 6. bxa6 Bg7 7. Nc3 Bxa6 8. e4
Bxf1 9. Kxf1 d6 10. g3 O-O 11. Kg2 Nbd7 12. h3 Ra6 13. Re1 Qa8 14. Qd3 Rb8 15.
Re2 Rb4 16. Be3 Rab6 17. Rb1 Ne8 18. Bc1 Bxc3 19. Qxc3 Qxa2 20. Qc2 Nc7 21. Bh6
f6 22. Qc1 Qc4 23. Qd1 Qb5 24. Ra1 Rxb2 25. Ra2 Rb3 26. Rec2 Qd3 27. Nd2 Ne5
28. Bf4 Nf7 29. Qc1 R3b4 30. Rc3 Qe2 31. Re3 Qb5 32. Rea3 Kg7 33. h4 h6 34. Ra7
Rb7 35. Qa1 Rxa7 36. Rxa7 Qb8 37. g4 Nxd5 38. exd5 Rxf4 39. Kg3 Qb4 40. Qd1 Rd4
41. Qe2 Qxd2 42. Qxe7 Qf4+ 43. Kh3 Qf3+ 0-1

[Event "Tanta op 4th"]
[Site "Tanta"]
[Date "2001.04.19"]
[Round "2"]
[White "Navrotescu , Catalin"]
[Black "Komarov, Dimitri"]
[Result "1/2-1/2"]
[WhiteElo "2453"]
[BlackElo "2539"]
[PlyCount "32"]
[EventDate "2001.04.18"]
[EventType "swiss"]
[EventRounds "9"]
[EventCountry "EGY"]
[Source "ChessBase"]
[SourceDate "2001.07.03"]

1. Nf3 d5 2. d4 Nf6 3. c4 e6 4. Bg5 h6 5. Bxf6 Qxf6 6. Nc3 c6 7. e3 Nd7 8. Bd3
dxc4 9. Bxc4 g6 10. O-O Bg7 11. a4 a5 12. e4 e5 13. dxe5 Nxe5 14. Nxe5 Qxe5 15.
Qb3 Be6 16. Rad1 O-O 1/2-1/2

[Event "Tanta op 4th"]
[Site "Tanta"]
[Date "2001.04.20"]
[Round "3"]
[White "Tissir, Mohamed"]
[Black "Navrotescu , Catalin"]
[Result "1/2-1/2"]
[WhiteElo "2352"]
[BlackElo "2453"]
[PlyCount "89"]
[EventDate "2001.04.18"]
[EventType "swiss"]
[EventRounds "9"]
[EventCountry "EGY"]
[Source "ChessBase"]
[SourceDate "2001.07.03"]

1. e4 c5 2. Nf3 d6 3. Nc3 Nf6 4. d4 cxd4 5. Nxd4 a6 6. Bc4 e6 7. O-O Nc6 8. Be3
Be7 9. a3 Nxd4 10. Qxd4 b5 11. Ba2 O-O 12. Rad1 Qc7 13. Qb6 Qxb6 14. Bxb6 Bb7
15. f3 Rfc8 16. Rd2 Nd7 17. Ba5 Nc5 18. Rfd1 Bc6 19. Ne2 Bg5 20. f4 Bf6 21. f5
exf5 22. exf5 Bxb2 23. Nd4 Be4 24. c4 Bxd4+ 25. Rxd4 Bc2 26. R1d2 Bb3 27. Bb1
Bxc4 28. Rxd6 Re8 29. Rd8 Raxd8 30. Rxd8 Kf8 31. f6 gxf6 32. Bxh7 Rxd8 33. Bxd8
Kg7 34. Bc2 Bd3 35. Be7 Bxc2 36. Bxc5 Bd3 37. Be7 Bc2 38. Bc5 f5 39. Be7 Kg6
40. Kf2 f4 41. g3 Kf5 42. Bd6 fxg3+ 43. hxg3 Ke4 44. Ke2 Kd5 45. Bb4 1/2-1/2

[Event "Tanta op 4th"]
[Site "Tanta"]
[Date "2001.04.23"]
[Round "5"]
[White "Georg, Magdy"]
[Black "Navrotescu , Catalin"]
[Result "0-1"]
[WhiteElo "2277"]
[BlackElo "2453"]
[PlyCount "114"]
[EventDate "2001.04.18"]
[EventType "swiss"]
[EventRounds "9"]
[EventCountry "EGY"]
[Source "ChessBase"]
[SourceDate "2001.07.03"]

1. e4 c5 2. d3 Nc6 3. Nf3 g6 4. g3 Bg7 5. Bg2 e6 6. O-O Nge7 7. Re1 d5 8. Nbd2
b6 9. exd5 exd5 10. d4 O-O 11. dxc5 bxc5 12. Nb3 c4 13. Nbd4 Rb8 14. c3 h6 15.
h3 Bf5 16. Nxf5 Nxf5 17. Nh2 Nce7 18. Qe2 Rb6 19. g4 Re6 20. Qd1 Nh4 21. Rxe6
fxe6 22. Qe2 e5 23. Be3 Nxg2 24. Kxg2 Kh7 25. Bc5 Qc7 26. Bxe7 Qxe7 27. Rd1 Qb7
28. Kg1 d4 29. Rd2 d3 30. Qe3 Bf6 31. Qc5 Qf7 32. Nf1 Bh4 33. b3 e4 34. bxc4
Bg5 35. Ne3 Qf3 36. Rb2 Rf7 37. Qd4 h5 38. c5 hxg4 39. hxg4 Bxe3 40. Qxe3 Qxg4+
41. Kf1 Qh4 42. Kg2 Rf5 43. Qh3 Qxh3+ 44. Kxh3 Rxc5 45. Kg4 g5 46. Rb7+ Kg6 47.
Rd7 Rf5 48. Kg3 Kf6 49. Rd4 Ke5 50. Rb4 Rf3+ 51. Kg2 d2 52. Rb1 Rd3 53. Rd1 Kd5
54. Kf1 Kc4 55. Ke2 Kxc3 56. a4 Kc2 57. a5 a6 0-1

[Event "Tanta op 4th"]
[Site "Tanta"]
[Date "2001.04.24"]
[Round "6"]
[White "Navrotescu , Catalin"]
[Black "Kasparov, Sergey"]
[Result "0-1"]
[WhiteElo "2453"]
[BlackElo "2456"]
[PlyCount "98"]
[EventDate "2001.04.18"]
[EventType "swiss"]
[EventRounds "9"]
[EventCountry "EGY"]
[Source "ChessBase"]
[SourceDate "2001.07.03"]

1. d4 Nf6 2. c4 c5 3. d5 b5 4. cxb5 a6 5. b6 d6 6. Nc3 Nbd7 7. e4 g6 8. a4 Qxb6
9. a5 Qd8 10. Nf3 Bg7 11. Nd2 O-O 12. Nc4 Rb8 13. Bd3 Ne8 14. O-O Nc7 15. Na4
Ne5 16. Nxe5 Bxe5 17. Nb6 Bd7 18. Rb1 Bb5 19. Bh6 Re8 20. b4 e6 21. f4 Bd4+ 22.
Kh1 exd5 23. exd5 Bxd3 24. Qxd3 Re3 25. Qd2 Qh4 26. Bg5 Qg4 27. h3 Qf5 28. bxc5
Qe4 29. Kh2 dxc5 30. d6 Ne6 31. d7 Nxg5 32. Nc8 Rxb1 33. d8=Q+ Kg7 34. Nd6 Qe6
35. Ne8+ Qxe8 36. Qxe8 Rxe8 37. Rxb1 Ne4 38. Qd3 Nc3 39. Rb7 Re1 40. g4 Re2+
41. Kh1 Ne4 42. Qb3 Nf2+ 43. Kg2 Nd3+ 44. Kg3 Re3+ 45. Kh2 Re2+ 46. Kg3 Re3+
47. Kh4 Ne5 48. Qa2 Ra3 49. Qxa3 Bf2+ 0-1

[Event "Tanta op 4th"]
[Site "Tanta"]
[Date "2001.04.25"]
[Round "7"]
[White "Abdel Aziem, Ramadan"]
[Black "Navrotescu , Catalin"]
[Result "0-1"]
[WhiteElo "2269"]
[BlackElo "2453"]
[PlyCount "146"]
[EventDate "2001.04.18"]
[EventType "swiss"]
[EventRounds "9"]
[EventCountry "EGY"]
[Source "ChessBase"]
[SourceDate "2001.07.03"]

1. e4 c5 2. Nf3 d6 3. d4 cxd4 4. Nxd4 Nf6 5. Nc3 Nc6 6. Bg5 Bd7 7. Be2 Rc8 8.
Qd2 Nxd4 9. Qxd4 Qa5 10. Bxf6 gxf6 11. O-O Qc5 12. Qxc5 Rxc5 13. f4 h5 14. Bd3
e6 15. Ne2 Ke7 16. b4 Rc8 17. c4 Bg7 18. Rac1 b6 19. Rf3 Bc6 20. f5 Bh6 21.
Rcf1 Bg5 22. Nf4 Rh6 23. Ne2 h4 24. a4 Bd2 25. Rb1 a5 26. b5 Bb7 27. Rb2 Bb4
28. Rc2 Rg8 29. Nc1 Bc5+ 30. Kf1 Bd4 31. Nb3 Be5 32. h3 Rh5 33. Rcf2 Rhg5 34.
Bc2 Rc8 35. Bd3 Ba8 36. Ke2 Rgg8 37. Kf1 d5 38. cxd5 exd5 39. Re2 Rc3 40. Nd2
Rgc8 41. exd5 Bxd5 42. Be4 Rc1+ 43. Re1 Bxe4 44. Nxe4 Rxe1+ 45. Kxe1 Rc4 46.
Re3 Rxa4 47. Nc3 Ra1+ 48. Kd2 Kd6 49. Re4 Rg1 50. Rc4 Bxc3+ 51. Rxc3 Rxg2+ 52.
Kc1 Rg3 53. Rc6+ Ke5 54. Rxb6 Rxh3 55. Ra6 Rb3 56. Rxa5 h3 57. Kc2 h2 58. b6+
Kd6 59. Ra1 Rxb6 60. Rh1 Ke5 61. Rxh2 Kxf5 62. Rh7 Rd6 63. Rxf7 Kf4 64. Rf8 f5
65. Rf7 Kg4 66. Rg7+ Kf3 67. Rg8 f4 68. Kc3 Kf2 69. Rg7 f3 70. Rg8 Kf1 71. Rg7
f2 72. Rg8 Rd5 73. Kc4 Rd1 0-1

[Event "Tanta op 4th"]
[Site "Tanta"]
[Date "2001.04.26"]
[Round "8"]
[White "Navrotescu , Catalin"]
[Black "Dochev, Dimitar"]
[Result "1/2-1/2"]
[WhiteElo "2453"]
[BlackElo "2362"]
[PlyCount "39"]
[EventDate "2001.04.18"]
[EventType "swiss"]
[EventRounds "9"]
[EventCountry "EGY"]
[Source "ChessBase"]
[SourceDate "2001.07.03"]

1. d4 Nf6 2. c4 g6 3. Nc3 Bg7 4. e4 d6 5. Nf3 O-O 6. Be2 e5 7. O-O Nc6 8. d5
Ne7 9. Ne1 Nd7 10. Be3 f5 11. f3 f4 12. Bf2 g5 13. a4 Ng6 14. a5 Kh8 15. b4 Rg8
16. c5 Bf8 17. c6 Nf6 18. cxb7 Bxb7 19. Kh1 h5 20. a6 1/2-1/2

[Event "Tanta op 4th"]
[Site "Tanta"]
[Date "2001.04.27"]
[Round "9"]
[White "Likavsky, Tomas"]
[Black "Navrotescu , Catalin"]
[Result "1/2-1/2"]
[WhiteElo "2425"]
[BlackElo "2453"]
[PlyCount "139"]
[EventDate "2001.04.18"]
[EventType "swiss"]
[EventRounds "9"]
[EventCountry "EGY"]
[Source "ChessBase"]
[SourceDate "2001.07.03"]

1. Nf3 Nf6 2. c4 d6 3. d4 g6 4. Nc3 Bf5 5. Nh4 Bd7 6. e4 e5 7. Nf3 Nc6 8. d5
Ne7 9. c5 Bg7 10. Qb3 Qb8 11. cxd6 cxd6 12. Bb5 O-O 13. Bxd7 Nxd7 14. Be3 Rc8
15. a4 Nc5 16. Qd1 Qc7 17. O-O a6 18. a5 Qd8 19. Nd2 Qf8 20. Ra3 Rc7 21. Qe2 f5
22. Bxc5 Rxc5 23. Nc4 Qf6 24. Rb3 Rac8 25. Rb4 Bh6 26. exf5 gxf5 27. Nxd6 Qxd6
28. Rb6 Qc7 29. d6 Qd7 30. dxe7 Bg7 31. Qc2 Qxe7 32. Qxf5 e4 33. Qg4 Re8 34.
Re1 Rxa5 35. h4 Re5 36. Re3 Kh8 37. g3 Re6 38. Rxe6 Qxe6 39. Qe2 Qc6 40. Kh2
Bxc3 41. Rxc3 Qg6 42. Kg2 b5 43. Qe3 Qf6 44. b4 Rf8 45. Rc7 Qb2 46. Qa7 Kg8 47.
Qc5 Qf6 48. Qe3 Kh8 49. Rd7 Qf3+ 50. Qxf3 exf3+ 51. Kh3 Rc8 52. g4 Rc4 53. Rd6
Rxb4 54. Rxa6 Kg7 55. Rb6 h5 56. g5 Rg4 57. Rxb5 Rg2 58. Rb2 Kg6 59. Rc2 Kg7
60. Ra2 Kg8 61. Ra4 Kg7 62. Rf4 Rxf2 63. Kg3 Rf1 64. Rxf3 Rg1+ 65. Kf4 Rg4+ 66.
Kf5 Rxh4 67. Ra3 Rb4 68. Ra7+ Kg8 69. g6 h4 70. Ra6 1/2-1/2

[Event "Ciocaltea mem"]
[Site "Bucharest"]
[Date "2001.03.06"]
[Round "3"]
[White "Navrotescu , Catalin"]
[Black "Fressinet, Laurent"]
[Result "0-1"]
[WhiteElo "2451"]
[BlackElo "2581"]
[Annotator "Tsesarsky"]
[PlyCount "72"]
[EventDate "2001.03.04"]
[EventType "tourn"]
[Source "ChessBase"]
[SourceDate "2001.05.27"]

1. d4 Nf6 2. c4 g6 3. Nc3 Bg7 4. e4 d6 5. Nf3 O-O 6. Be2 e5 7. O-O Nc6 8. d5
Ne7 9. Ne1 Nd7 10. Nd3 f5 11. Bd2 Kh8 12. Rc1 Nf6 13. f3 c5 14. dxc6 {
Except of this move White has two not bad possibilities:} (14. Rb1 {
with plan of b2-b4 promotion and initiative development on the queenside:} f4 (
14... h6 15. b4 b6 16. bxc5 bxc5 17. Nf2 $14 {
1-0 Maksimovic,B-Cela,A/Heraklio 1993/TD (45)}) (14... Neg8 15. b4 b6 16. bxc5
bxc5 17. Qa4 Ne8 18. Qc6 $14 {1-0 Hauchard,A-Tratar,M/Paranana 1993/EXT 97 (33)
}) (14... a5 15. a3 fxe4 (15... Neg8 16. b4 axb4 17. axb4 b6 18. bxc5 bxc5 19.
Qc1 $14 {0-1 Allen,A-Speck,N/Sydney 1992/EXT 97 (38)}) 16. fxe4 a4 $1 17. Nf2
Bd7 18. g4 h6 $132 {1-0 Piesina,G-Lapienis,D/Vilnius 1995/CBM 49 ext (49)}) 15.
b4 (15. g4 h5 16. h3 Nh7 17. Be1 a5 18. Kg2 Ng8 19. Bf2 Bf6 20. Qe1 Bd7 $132 {
0-1 Jensen,J-Dalsgaard,H/Denmark 1998/EXT 99 (42)}) 15... b6 (15... cxb4 16.
Rxb4 b6 17. a4 $14 {0-1 Pavlov,A-Loginov,V/Novgorod 1999/CBM 69 ext (63)}) 16.
bxc5 bxc5 17. g3 g5 18. g4 h5 19. h3 Rf7 20. Kf2 $1 $14 {-see commented game 
1/2-1/2 Lutz,C-Kindermann,S/Baden-Baden 1992/CBM 33 (60)[Wahls]}) (14. a3 Neg8
(14... a5 15. Rb1 fxe4 16. fxe4 a4 $132) (14... f4 15. g4 g5 16. b4 b6 17. bxc5
bxc5 18. Rb1 h5 19. h3 Ng6 20. Qa4 $14 {
1-0 Panzalovic,S-Ivanov,M/Crailsheim 2000/EXT 2001 (61)}) 15. b4 b6 16. bxc5 (
16. exf5 gxf5 17. f4 e4 18. Nf2 Ne7 19. Be3 Rg8 20. Kh1 Ng6 $132 {
1-0 Sharavdorj,D-David,E/Duisburg 1992/TD (51)}) 16... bxc5 17. Rb1 (17. exf5
gxf5 18. f4 e4 19. Nf2 Nh6 20. Qc2 Qe8 21. Ncd1 Bd7 22. Ne3 Ba4 $132 {
0-1 Panzalovic,S-Volke,K/Walldorf 1998/EXT 99 (59)}) 17... h5 18. Qa4 fxe4 19.
fxe4 Bh6 20. Bxh6 Nxh6 21. Qc6 $14 {
1-0 Titov,G-Kudriashov,A/Azov 1991/CBM 25/ (38)}) 14... Nxc6 ({
Worth of attention also} 14... bxc6 $5 {
this position is interesting and needs further analysis.} 15. Be3 (15. c5 $5)
15... Qe8 16. Qa4 Be6 17. Rfd1 (17. c5 $5) 17... fxe4 18. fxe4 Ng4 19. Bxg4
Bxg4 20. Rd2 Be6 $132 {1-0 Huebner,R-Nunn,J/Germany 1985/GER-chT (68)}) 15. Be3
{simply and strong} (15. Nf2 f4 16. Nd5 $14 (16. Na4 $6 h5 17. c5 d5 $1 18.
exd5 Nxd5 19. Nc3 Be6 20. Nxd5 Bxd5 21. Bc4 Nd4 $132 {
0-1 Siegel,G-Lanka,Z/Germany 1996/GER-chT (50)})) (15. Bg5 h6 16. Be3 Be6 17.
Qd2 Kh7 18. b3 fxe4 19. Nxe4 Nxe4 20. fxe4 Qh4 21. g3 Qe7 22. Nb4 Nd4 23. Nd5
$14 {1/2-1/2 Quiroga,F-Servat,R/Pico City 1996/EXT 98 (27)}) 15... Nd4 (15...
Be6 16. b3 (16. Nf2 f4 17. Bd2 h5 18. Nd5 g5 19. Bc3 Rg8 20. h3 Qd7 21. Rc2 Nd4
$132 {1-0 Lukacs,P-Beckhuis,G/Budapest 1992/CBM 30 ext (44)}) 16... Nd4 (16...
Rf7 17. Qd2 Qf8 18. Rcd1 Rd8 19. Kh1 $14 {
1-0 Gyimesi,Z-Riegler,P/Szentgotthard 1995/EXT 98 (33)}) 17. Nf4 $5 (17. Nf2
Nh5 18. Re1 Nf4 19. Bf1 Bg8 20. Ne2 Nfxe2+ 21. Bxe2 fxe4 22. Nxe4 $14 {
1/2-1/2 Schacht,H-Schubert,C/Germany 1986/GER-chT (29)}) 17... Bg8 18. Nfd5
Bxd5 19. exd5 $14 {1/2-1/2 Akopian,V-Smirin,I/Haifa 1995/CBM 46 (44)}) 16. Nb4
{White wants to exchange strong Nd4.} Qb6 17. Nc2 Nh5 $2 $16 {
Blunder or P sacrifice?} ({Right was} 17... Nxe2+ 18. Qxe2 Qa5 (18... Qxb2 19.
Na4 Qxa2 20. Ra1 $18) 19. b4 $14) 18. Nxd4 exd4 19. Na4 Qd8 ({More active move
} 19... Qc6 20. Bxd4 fxe4 21. Nc3 $1 {also wouldn't help:} (21. Bxg7+ $6 Nxg7
22. fxe4 Rxf1+ 23. Bxf1 Qxe4 24. Qd2 (24. Qxd6 Bd7 $3 $17) 24... Be6 25. Nc3
$14) 21... exf3 22. Rxf3 $1 $16 {for example:} Rxf3 23. Bxf3 Qxc4 24. Bxg7+
Nxg7 25. Qxd6 $16) 20. Bxd4 Nf4 ({Or} 20... fxe4 21. fxe4 Rxf1+ 22. Bxf1 $16 {
with whole P over.}) 21. Bxg7+ Kxg7 22. Qd4+ Kg8 23. Nc3 ({Good was} 23. Rc2
Qg5 24. Bd3 $16) 23... fxe4 (23... Qg5 24. g3 fxe4 25. fxe4 (25. Qxe4 Bh3 $17)
25... Bh3 26. Rfe1 $16) 24. fxe4 Qg5 25. Bf3 (25. g3 $16) 25... Bh3 (25... Be6
26. b3 $16) 26. Rc2 Rf7 27. Re1 ({Clear advantage White keep after} 27. Kh1 $1
Nxg2 (27... Raf8 28. gxh3 Nxh3 29. Qd5 $16) 28. Rxg2 Bxg2+ (28... Rxf3 29. Rxg5
Rxf1+ 30. Rg1 $18) 29. Bxg2 $16) 27... Raf8 28. Kh1 ({Not} 28. Qxd6 $4 {
in view of} Rd8 $1 29. Qa3 Nd3 $17) 28... Qh4 29. Rg1 $1 (29. g3 $143 {
keeping advantage:} Ne6 $8 30. Qe3 Qf6 31. Bg2 (31. Rf2 Qxf3+ $3 32. Rxf3 Rxf3
$17) 31... Nd4 (31... Qf1+ 32. Rxf1 Rxf1+ 33. Bxf1 Rxf1+ 34. Qg1 $18) 32. Rd2
Bxg2+ 33. Rxg2 Nc6 34. Nd5 $16) 29... Be6 $2 $18 ({Much better was} 29... Bg4
30. Bxg4 Qxg4 $16) 30. Nd5 $4 $15 {terrible move} (30. Nb5 $2 Nh3 31. e5 $1 (
31. Rf1 Ng5 32. Rcf2 Bg4 33. Nxd6 Nxf3 34. gxf3 Bxf3+ 35. Rxf3 Rxf3 36. Qd5+
Kg7 $17) 31... Qxd4 32. Nxd4 Nxg1 33. Kxg1 (33. Nxe6 Nxf3 34. Nxf8 Ne1 $19)
33... Bg4 34. exd6 Bxf3 35. Nxf3 $14) ({Very strong here was simply} 30. g3 $1
Qh3 31. Nd1 $1 $18) 30... Nh3 31. gxh3 ({Badly is} 31. Rf1 {in view of} Bg4 $1
$17 {and Rc2 and Nb5 are too far trom the Kh1:} 32. Qe3 (32. Nc3 Rxf3 33. gxf3
Bxf3+ 34. Rxf3 Rxf3 $19) 32... Qh5 33. c5 Bxf3 34. gxf3 Rxf3 35. Rxf3 Rxf3 $19)
31... Rxf3 32. Rcg2 ({Not} 32. Nc7 Bxh3 33. Qd5+ (33. Qxd6 Rf1 $1 34. Qd5+ R8f7
35. Rxf1 Qxe4+ $3 $19) 33... R8f7 $19 {And White has no protection against the
threat Rf1xg1 because of noted above variation.} 34. Nb5 (34. Re2 Rf1 35. Rxf1
Bxf1 36. Re3 Qf2 37. Qg5 Bh3 $19) 34... Rf1 35. Rxf1 Qxe4+ $3 $19) 32... Rf1 $1
({Badly was} 32... Bxh3 $2 {because White has beautiful way to draw by force:}
33. Rxg6+ hxg6 34. Rxg6+ Kf7 35. Qg7+ Ke8 36. Re6+ $3 Bxe6 37. Nc7+ Kd8 38.
Nxe6+ Ke8 39. Nc7+ Kd8 40. Ne6+ $1 $11) 33. Rg3 ({Or} 33. Ne3 Rxg1+ 34. Rxg1
Qxh3 $15) 33... Bxh3 (33... Rxg1+ $5 34. Kxg1 (34. Rxg1 Bxh3 $17) 34... Bxh3
35. Ne3 $15) 34. Ne7+ $4 $19 {terrible mistake again} ({
Why not to join N to defence by} 34. Ne3 $1 R1f2 (34... Rxg1+ 35. Kxg1 (35.
Rxg1 Be6 $15) 35... Be6 $15) 35. Qd5+ R8f7 36. Ng2 $8 Bxg2+ 37. R3xg2 R2f4 (
37... Rxg2 38. Rxg2 $132) 38. Qxd6 Rxe4 39. b3 $15) 34... Qxe7 35. Rxh3 Rxg1+
36. Kxg1 (36. Qxg1 Qxe4+ $19) 36... Qg5+ (36... Qg5+ 37. Rg3 Qc1+ 38. Kg2 Qf1#)
0-1

[Event "Ciocaltea mem"]
[Site "Bucharest"]
[Date "2001.03.07"]
[Round "4"]
[White "Navrotescu , Catalin"]
[Black "Marin , Mihail"]
[Result "1-0"]
[WhiteElo "2451"]
[BlackElo "2604"]
[Annotator "Ftacnik"]
[PlyCount "69"]
[EventDate "2001.03.04"]
[EventType "tourn"]
[Source "ChessBase"]
[SourceDate "2001.05.27"]

1. d4 Nf6 2. c4 e6 3. Nf3 b6 4. g3 Bb7 5. Bg2 Be7 6. Nc3 O-O 7. O-O Ne4 8. Bd2
f5 9. Qc2 Bf6 10. Rad1 c5 11. d5 (11. dxc5 bxc5 12. Ne1 Bxc3 13. Bxc3 Qc7 14.
b3 Nxc3 15. Qxc3 Bxg2 16. Nxg2 a5 17. Rd2 Nc6 18. Rfd1 Rf7 19. e3 a4 {
1/2-1/2 Chehlov,A-Rosen,W/Rowy/2000/ (53)}) 11... Bxc3 (11... Nxc3 12. Bxc3
Bxc3 13. Qxc3 exd5 14. cxd5 Qf6 15. Qxf6 Rxf6 16. e4 fxe4 17. Ng5 Na6 18. Nxe4
Rh6 19. Rfe1 Nc7 20. Ng5 {1-0 Tisdall,J-Groenn,A/NOR/1991/ (41)}) 12. Bxc3 exd5
13. cxd5 d6 14. Nh4 (14. Nd2 Nxc3 15. Qxc3 Nd7 16. e4 Ba6 17. Rfe1 f4 18. Nf3
b5 19. e5 b4 20. Qd2 dxe5 21. Nxe5 Nxe5 22. Rxe5 f3 23. Bh3 {
1-0 Rumiancev,B-Novikov,V/Vilnius/1996/ (61)}) 14... Nxc3 15. bxc3 (15. Qxc3
Na6 $11) 15... Qf6 16. f4 Na6 17. Bh3 g6 18. e4 {White has to get some play on
the kingside, since if black manages to complete the development his position
will be sound.} Nc7 (18... fxe4 19. Be6+ Kg7 20. Rfe1 Nc7 21. Rxe4 Rae8 22.
Rde1 b5 23. f5 $36) 19. Rfe1 fxe4 20. Rxe4 Rae8 (20... Bxd5 $2 21. Rxd5 Nxd5
22. Be6+ Kh8 23. Bxd5 $16) 21. Rxe8 Rxe8 22. c4 b5 (22... Qe7 23. Ng2 Qg7 24.
Qb3 Re2 $13) 23. Bd7 Re7 $6 (23... Rb8 $1 24. cxb5 (24. Bxb5 Bxd5 25. Qd3 Bf7
26. Bc6 Rb6 27. Bg2 Qb2 $15) 24... Bxd5 25. f5 g5 26. Ng2 Qf7 27. Bc6 Bxc6 28.
bxc6 $13) 24. Bxb5 Bxd5 $2 {There was no need to go into extreme and accept
position with rook for the two pieces.} (24... Nxb5 25. cxb5 Bc8 26. Kg2 g5 27.
fxg5 Qxg5 $44) 25. Rxd5 Nxd5 26. cxd5 Qd4+ 27. Kf1 Rb7 (27... Qxd5 $2 28. Bc4
$18) (27... Kg7 28. Bc6 Re3 (28... c4 29. Nf3 Qe3 30. Qd1 c3 31. Qd4+ $16) 29.
Kg2 c4 30. Nf3 Qd3 31. Qxd3 cxd3 32. Bb5 Re2+ 33. Kf1 Rxa2 34. Bxd3 $16) 28.
Qe2 c4 $2 {
The pawn push comes too early, white will be able to deliver mating attack.} (
28... Kg7 $1 29. Qe6 (29. Nf3 Qxd5 30. Bc4 Qf5 31. Qd2 Qf6 $14) 29... c4 30.
Nf3 (30. a4 a6 31. Bd7 Qd3+ 32. Kg2 Rb2+ 33. Kh3 Qf1+ 34. Kg4 Qd1+ 35. Kh3 $11)
30... Qd3+ 31. Kg2 Rxb5 32. Qd7+ Kg8 33. Qxb5 Qe2+ 34. Kh3 Qxf3 35. Qxc4 $16)
29. Nf3 Qa1+ 30. Kg2 c3 (30... Rxb5 31. Qe8+ Kg7 32. Qxb5 $18) 31. Kh3 $1 Kg7 (
31... c2 32. Qxc2 Rxb5 33. Qc8+ Kg7 34. Qd7+ Kg8 35. Qxb5 $18) 32. Nd4 Qb2 (
32... c2 33. Nxc2 Qxa2 34. Bc6 $18) 33. Qe8 c2 (33... Rxb5 34. Ne6+ $18) 34.
Ne6+ Kh6 35. Qd8 $1 1-0

[Event "Ciocaltea mem"]
[Site "Bucharest"]
[Date "2001.03.09"]
[Round "6"]
[White "Navrotescu , Catalin"]
[Black "Nevednichy, Vladislav"]
[Result "1/2-1/2"]
[WhiteElo "2451"]
[BlackElo "2563"]
[PlyCount "25"]
[EventDate "2001.03.04"]
[EventType "tourn"]
[Source "ChessBase"]
[SourceDate "2001.05.27"]

1. d4 Nf6 2. c4 g6 3. Nc3 Bg7 4. e4 d6 5. f3 O-O 6. Be3 a6 7. Nge2 c6 8. c5
Nbd7 9. Rc1 b6 10. cxd6 exd6 11. Nf4 d5 12. e5 Ne8 13. Bd3 1/2-1/2

[Event "Ciocaltea mem"]
[Site "Bucharest"]
[Date "2001.03.10"]
[Round "7"]
[White "Nisipeanu, Liviu Dieter"]
[Black "Navrotescu , Catalin"]
[Result "1-0"]
[WhiteElo "2596"]
[BlackElo "2451"]
[Annotator "Ernst"]
[PlyCount "91"]
[EventDate "2001.03.04"]
[EventType "tourn"]
[Source "ChessBase"]
[SourceDate "2001.05.27"]

1. e4 c5 2. Nf3 d6 3. d4 cxd4 4. Nxd4 Nf6 5. Nc3 a6 6. Be2 e5 7. Nb3 Be7 8. Be3
Be6 9. Nd5 Nbd7 10. Qd3 {
This system gives white a small, lasting positional edge,} O-O 11. c4 Ne8 12.
Nxe7+ Qxe7 13. O-O Rc8 14. Rac1 Nc5 15. Nxc5 dxc5 16. Rfd1 Nf6 17. f3 Rfd8 18.
Qa3 Rxd1+ 19. Rxd1 Nd7 20. Qa5 $16 f6 21. a3 h6 22. b4 Kh7 (22... cxb4 23. Qxb4
$16) 23. Rc1 Qf8 24. Kf2 Qd8 25. Qxd8 Rxd8 26. Rd1 Rc8 27. Rd6 Rc6 28. Rxc6
bxc6 29. b5 $1 {To get an outside passed pawn.} cxb5 30. cxb5 axb5 31. Bxb5 Kg6
32. a4 Kf7 33. a5 Ke7 34. a6 Kd6 35. a7 Nb6 36. Bd2 Bd7 (36... Kc7 $2 37. Ba5)
37. Bxd7 Kxd7 38. Ba5 Na8 39. Ke2 Kc6 40. Kd3 Kb5 (40... Kb7 41. Kc4 Kxa7 42.
Kxc5 Kb7 43. Kd6 $18) 41. Bd8 Kb4 42. h4 Kb3 43. h5 c4+ 44. Kd2 Kb2 45. Ba5 Kb3
46. Kc1 1-0

[Event "Ciocaltea mem"]
[Site "Bucharest"]
[Date "2001.03.11"]
[Round "8"]
[White "Navrotescu , Catalin"]
[Black "Vajda, Levente"]
[Result "1-0"]
[WhiteElo "2451"]
[BlackElo "2454"]
[PlyCount "63"]
[EventDate "2001.03.04"]
[EventType "tourn"]
[Source "ChessBase"]
[SourceDate "2001.05.27"]

1. d4 d5 2. c4 e6 3. Nc3 Nf6 4. Bg5 Be7 5. e3 O-O 6. Nf3 b6 7. cxd5 exd5 8. Bd3
Bb7 9. O-O Nbd7 10. Rc1 c5 11. Qe2 c4 12. Bf5 h6 13. Bh4 a6 14. Ne5 b5 15. f4
Re8 16. a3 Nf8 17. Bxf6 Bxf6 18. Rf3 Bc8 19. Bxc8 Rxc8 20. Rg3 Bxe5 21. fxe5
Qd7 22. Qf3 Rcd8 23. Qf6 Ng6 24. Qxa6 b4 25. axb4 Re6 26. Qa5 Ne7 27. Rf1 Rf8
28. Rgf3 Qb7 29. b5 f5 30. exf6 gxf6 31. Ra1 Kf7 32. Qa7 1-0